Central Library OPAC University of Rajshahi

Digital image processing / (Record no. 12595)

MARC details
000 -LEADER
fixed length control field 00975nam a2200289 a 4500
001 - CONTROL NUMBER
control field 12595
003 - CONTROL NUMBER IDENTIFIER
rucl marc code BD-RjUL
005 - DATE AND TIME OF LATEST TRANSACTION
control field 20211208235325.0
008 - FIXED-LENGTH DATA ELEMENTS--GENERAL INFORMATION
fixed length control field 140129r20052002ii a b 001 0 eng
020 ## - INTERNATIONAL STANDARD BOOK NUMBER
International Standard Book Number 0201180758
International Standard Book Number 8178086298
035 ## - SYSTEM CONTROL NUMBER
System control number (BD-RjUL)12644
040 ## - CATALOGING SOURCE
Original cataloging agency DLC
Transcribing agency DLC
Modifying agency BD-RjUL
Language of cataloging eng
041 ## - LANGUAGE CODE
Language code of text/sound track or separate title eng
082 00 - DEWEY DECIMAL CLASSIFICATION NUMBER
Classification number 621.367
Edition number 21
Author mark and year GOD 2005
100 1# - MAIN ENTRY--PERSONAL NAME
Personal name Gonzalez, Rafael C.
9 (RLIN) 39238
245 10 - TITLE STATEMENT
Title Digital image processing /
Statement of responsibility, etc. Rafael C. Gonzalez, Richard E. Woods.
250 ## - EDITION STATEMENT
Edition statement 2nd ed.
260 ## - PUBLICATION, DISTRIBUTION, ETC. (IMPRINT)
Place of publication, distribution, etc. India ;
-- Upper Saddle River, N.J. :
Name of publisher, distributor, etc. Prentice Hall,
Date of publication, distribution, etc. c2002 [reprinted 2005].
300 ## - PHYSICAL DESCRIPTION
Pagination 791 p. :
Illustrations ill. ;
Size 25 cm.
504 ## - BIBLIOGRAPHY, ETC. NOTE
Bibliography, etc Includes bibliographical references and index.
650 #0 - SUBJECT ADDED ENTRY--TOPICAL TERM
Topical term or geographic name as entry element Image processing
General subdivision Digital techniques.
9 (RLIN) 1282
700 1# - ADDED ENTRY--PERSONAL NAME
Personal name Woods, Richard E.
Fuller form of name (Richard Eugene),
Dates associated with a name 1954-
856 41 - ELECTRONIC LOCATION AND ACCESS
Materials specified Table of contents
Uniform Resource Identifier <a href="http://www.loc.gov/catdir/toc/fy031/2002276271.html">http://www.loc.gov/catdir/toc/fy031/2002276271.html</a>
942 ## - ADDED ENTRY ELEMENTS (KOHA)
Source of classification or shelving scheme Dewey Decimal Classification
Koha item type Books
Holdings
Lost status Source of classification or shelving scheme Damaged status Not for loan Collection code Permanent Location Current Location Shelving location Date acquired Source of acquisition Cost, normal purchase price Total Checkouts Full call number Date last seen Copy number Koha item type Date checked out
  Dewey Decimal Classification     Non-fiction Central Library, University of Rajshahi Central Library, University of Rajshahi   08/03/2006 paragon Enterprises Dhaka 250.00   621.367 GOD 2005 29/01/2014 C-7 Books  
  Dewey Decimal Classification     Non-fiction Central Library, University of Rajshahi Central Library, University of Rajshahi   07/10/1996 Syntex 65.95   621.367 GOD 1993 29/01/2014 C-3 Books  
  Dewey Decimal Classification     Non-fiction Central Library, University of Rajshahi Central Library, University of Rajshahi   09/03/2006 Dhaka, paragon 250.00   621.367 GOD 2005 31/01/2016 C-8 Books  
  Dewey Decimal Classification   Not For Loan Non-fiction Central Library, University of Rajshahi Central Library, University of Rajshahi Reading Room 04/06/2006 Dhaka, Paragon Enterprises 395.00   621.367 GOD 2006 12/06/2017 C-1 Books  
  Dewey Decimal Classification     Non-fiction Central Library, University of Rajshahi Central Library, University of Rajshahi   04/06/2006 Dhaka, Paragon Enterprises 395.00 1 621.367 GOD 2006 18/04/2022 C-2 Books 10/04/2022